000 00199nam a2200073Ia 4500
008 170620s9999 xx 000 0 und d
100 _aSharma- Rama (Hindi)
245 0 _aSharirik Shiksha (Hindi)
260 _bAgra- Vinod Pustak Mandir
999 _c23722
_d23722